000 01518nam0a2200361 4500
001 RU\NLR\BIBL_A\011674221
005 20250128194045.0
021 _aRU
_bКН-П-18-017247
_9КН-П-18-1248
035 _a(NLR Aleph) 011674221
090 _a13416286
_c13416286
100 _a20180410d2016 u y0rusy50 ca
101 0 _arus
_akum
102 _aRU
105 _a |||zzzz000gy
200 1 _aЛюбознательный Изам
_dИзам ва ёл низам
_e[поэма для детей
_eна русском и кумыкском языках]
_fГаджи Айгумов
_zkum
210 _aМахачкала
_cДагестанское книжное изд-во
_d2016
215 _a32 с.
_cцв. ил., цв. портр.
_d29
300 _aВ вып. дан.: плановое название "Первые шаги Изама"
300 _aАвт. также на кумык. яз.: Гьажи Айгумов
510 1 _6z20790
_aИзам ва ёл низам
_zkum
517 1 _aПервые шаги Изама
686 _aШ9(2)6=Р70-51
_2rubbk
686 0 _aШ9(2)60=Кум7-5
700 1 _aАйгумов
_bГ. А.
_f1943-
_gГаджи Айгумович
_3RU\NLR\AUTH\770157844
790 1 _6z20510
_aАйгумов
_bГ.
_f1943-
_gГьажи
_3RU\NLR\AUTH\770157846
852 _aNLR
_bОНЛ
_jКумык./5-16
942 _cBOOK
980 _aNBR
980 _aNB